Ruská geopolitika - poznámky k historickému vývoju

Geopolitika ako súčasť politickej geografie. Historické pozadie geopolitiky Ruska. Geopolitické myslenie v Rusku. Východiská geopolitiky Ruska.

Enregistré dans:
Détails bibliographiques
Auteur principal: Juza, Peter
Format: Chapitre de livre
Langue:slovaque
Sujets:
Tags: Ajouter un tag
Pas de tags, Soyez le premier à ajouter un tag!

MARC

LEADER 00000naa a2200000 4500
001 r033397
005 20230922114840.8
041 0 |a slo 
044 |a SK 
245 1 0 |a Ruská geopolitika - poznámky k historickému vývoju  |c Peter Juza 
520 |a Geopolitika ako súčasť politickej geografie. Historické pozadie geopolitiky Ruska. Geopolitické myslenie v Rusku. Východiská geopolitiky Ruska. 
610 2 0 |a geografia hospodárska 
610 2 0 |a geopolitika 
610 2 0 |a politika 
610 2 0 |a Rusko 
610 2 0 |a história 
610 2 0 |a etnografia 
100 1 |a Juza, Peter